000
00327nam a2200121Ia 4500
008
220204s9999 xx 000 0 und d
082
_a
65.012.122
_b
SHA
100
_a
Shamblin, James E
245
0
_a
Operations research: A fundamental approach
260
_a
New York
_b
McGraw Hill
_c
1974
700
_a
Stevens, G T
942
_c
BK
999
_c
36123
_d
36123